00999nam a2200253 a 450000100100000000500170001000800410002704000250006804100130009308200170010610000390012324500960016226000400025830000210029849000240031950200740034353400610041765000270047865000310050570000400053683000310057695201210060799900170072800002414720200930022746.0110119s1957 sp r 000 0 spa d aDO-SdBNPbspacBNPHU17aspaheng axxxxxbM367m1 aMarshall, Bruce,d1899-198794957813aEl mundo, la carne y el padre Smith /cBruce Marshall ; traducción Juan José Permanyer. aBarcelona :bLuis de Caralt,c1957. a280 p. ;c20 cm.1 aColección Gigante aIncluye referencias bibliográficas y notas al pie de las páginas. pTít. original:.tThe world, the flesh and father Smith24aNovela escocesa93395724aLiteratura escocesa9339581 aPermanyer, Juan José,etr.949579 0aColección Gigante949580 001054708MOaGRbGRcCTd2011-01-19iLF1l0oxxxxx M367mp24147-10r2020-06-25w2020-06-25y4ZPréstamo en sala c23641d23641